000 01069nam a2200301 i 4500
003 DO-SdBNP
005 20240312103330.0
007 ta
008 240312s2000 dr abc 000 0 spa d
020 _a8482612522
040 _aDO-SdBNP
_bspa
_cBNPHU
_erda
082 4 _222
_bC355
100 _aCastro Catrain, Margarita
_929221
_eautora
245 1 0 _aSociedad 8 :
_beducación básica /
_cMargarita Castro Catrain ; dirección editorial, Obdulia García de Escobar ; ilustración, Ruddy Núñez
264 1 _aSanto Domingo :
_bSantillana,
_c2000.
300 _a47 páginas
_bilustraciones, mapas, retratos
_c28 cm.
336 _2rdacontent
_atexto
_btxt
337 _2rdamedia
_asin mediación
_bn
338 _2rdacarrier
_avolumen
_bnc
490 _aUmbral
500 _aEducación básica.
500 _aLa biblioteca solamente posee el álbum de sociedad.
590 _aInventariado, 2024/ YL
700 1 _aGarcía Escobar, Obdulia,
_edirección editorial
_929560
700 1 _aNúñez, Ruddy,
_eilustraciones
_923171
910 _aYLockward
942 _2ddc
_cLF2
999 _c56079
_d56079